| 000 | 00549nam a2200205Ia 4500 | ||
|---|---|---|---|
| 005 | 20250508151716.0 | ||
| 008 | 008 250505s9999 xx 000 0 eng d | ||
| 037 | _aTextual | ||
| 040 |
_aFEDL _beng _cFEDL |
||
| 041 |
_aeng _2eng |
||
| 084 |
_a150.195, FRE _qFEDL |
||
| 100 |
_aJone Ernest _9759811 |
||
| 245 | 0 | _aLife and work of Sigmund Freud. V 2 | |
| 260 |
_aNew York, USA _bBasic Books _c1955 |
||
| 300 | _axiii,512p. | ||
| 365 |
_aINR _b34 |
||
| 490 | _vV 2 | ||
| 942 |
_cTEXL _h150.195, FRE |
||
| 999 |
_c1331591 _d1331591 |
||